<?xml version="1.0" encoding="UTF-8"?>
<record
    xmlns:xsi="http://www.w3.org/2001/XMLSchema-instance"
    xsi:schemaLocation="http://www.loc.gov/MARC21/slim http://www.loc.gov/standards/marcxml/schema/MARC21slim.xsd"
    xmlns="http://www.loc.gov/MARC21/slim">

  <leader>01054nam a2200157Ia 4500</leader>
  <controlfield tag="008">210323s9999||||xx |||||||||||||| ||und||</controlfield>
  <datafield tag="040" ind1=" " ind2=" ">
    <subfield code="c">STCPL</subfield>
  </datafield>
  <datafield tag="041" ind1=" " ind2=" ">
    <subfield code="h">MAL</subfield>
  </datafield>
  <datafield tag="082" ind1=" " ind2=" ">
    <subfield code="a">616.395</subfield>
    <subfield code="b">BES-K</subfield>
  </datafield>
  <datafield tag="100" ind1=" " ind2=" ">
    <subfield code="a">&#xD2C;&#xD46;&#xD38;&#xD4D;&#xD38;&#xD28;&#xD4B;&#xD35; &#xD0E;&#xD02;.</subfield>
  </datafield>
  <datafield tag="245" ind1=" " ind2="0">
    <subfield code="a">Kana</subfield>
    <subfield code="h">&#xD15;&#xD23;</subfield>
  </datafield>
  <datafield tag="260" ind1=" " ind2=" ">
    <subfield code="a">Thiruvananthapuram</subfield>
    <subfield code="b">Kerala Bhasha Institute</subfield>
    <subfield code="c">1974</subfield>
  </datafield>
  <datafield tag="300" ind1=" " ind2=" ">
    <subfield code="a">vi, 1 - 161</subfield>
  </datafield>
  <datafield tag="650" ind1=" " ind2=" ">
    <subfield code="a">General&#xD0F;&#xD15;&#xD26;&#xD47;&#xD36;&#xD2A;&#xD30;&#xD3F; &#xD2A;&#xD30;&#xD3F;&#xD15;&#xD32;&#xD28;&#xD24;&#xD4D;&#xD24;&#xD3F;&#xD28;&#xD4D;&#x200D;&#xD31;&#xD46; &#xD15;&#xD43;&#xD24;&#xD4D;&#xD2F;&#xD24;, &#xD05;&#xD28;&#xD4D;&#xD24;&#xD30;&#xD15;&#xD32;&#xD28;&#xD02;, &#xD15;&#xD47;&#xD28;&#xD4D;&#xD26;&#xD4D;&#xD30;&#xD40;&#xD2F;&#xD3E;&#xD28;&#xD4D;&#xD24;&#xD30; &#xD05;&#xD28;&#xD4D;&#xD24;&#xD30;&#xD4D;&#x200D;&#xD17;&#xD23;&#xD28;&#xD38;&#xD42;&#xD24;&#xD4D;&#xD30;&#xD02;, &#xD05;&#xD28;&#xD4D;&#xD24;&#xD30;&#xD38;&#xD02;&#xD15;&#xD3E;&#xD30;&#xD15;&#xD19;&#xD4D;&#xD19;&#xD33;&#xD4D;&#x200D;, &#xD2A;&#xD4D;&#xD30;&#xD24;&#xD3F;&#xD32;&#xD4B;&#xD2E;&#xD05;&#xD28;&#xD4D;&#xD24;&#xD30;&#xD4D;&#x200D;&#xD17;&#xD23;&#xD28;&#xD35;&#xD41;&#xD02; &#xD09;&#xD2A;&#xD38;&#xD3E;&#xD30;&#xD23;&#xD40;&#xD2F;&#xD28;&#xD35;&#xD41;&#xD02;, &#xD38;&#xD02;&#xD16;&#xD4D;&#xD2F;&#xD3E;&#xD24;&#xD4D;&#xD2E;&#xD15;&#xD05;&#xD35;&#xD15;&#xD32;&#xD28;&#xD35;&#xD41;&#xD02; &#xD38;&#xD2E;&#xD3E;&#xD15;&#xD32;&#xD28;&#xD35;&#xD41;&#xD02;, &#xD38;&#xD2E;&#xD40;&#xD15;&#xD30;&#xD23;&#xD19;&#xD4D;&#xD19;&#xD33;&#xD41;&#xD1F;&#xD46; &#xD38;&#xD02;&#xD16;&#xD4D;&#xD2F;&#xD3E;&#xD24;&#xD4D;&#xD2E;&#xD15; &#xD28;&#xD3F;&#xD30;&#xD4D;&#x200D;&#xD27;&#xD3E;&#xD30;&#xD23;&#xD02;, &#xD38;&#xD02;&#xD16;&#xD4D;&#xD2F;&#xD3E;&#xD24;&#xD4D;&#xD2E;&#xD15;&#xD30;&#xD40;&#xD24;&#xD3F;&#xD15;&#xD33;&#xD4D;&#x200D;&#xD15;&#xD4D;&#xD15;&#xD41;&#xD33;&#xD4D;&#xD33; &#xD38;&#xD39;&#xD3E;&#xD2F;&#xD3F;&#xD15;&#xD33;&#xD4D;&#x200D;</subfield>
  </datafield>
  <datafield tag="942" ind1=" " ind2=" ">
    <subfield code="c">BK</subfield>
  </datafield>
  <datafield tag="999" ind1=" " ind2=" ">
    <subfield code="c">32233</subfield>
    <subfield code="d">32233</subfield>
  </datafield>
  <datafield tag="952" ind1=" " ind2=" ">
    <subfield code="0">0</subfield>
    <subfield code="1">0</subfield>
    <subfield code="4">0</subfield>
    <subfield code="7">0</subfield>
    <subfield code="a">STCPL</subfield>
    <subfield code="b">STCPL</subfield>
    <subfield code="c">D 4 A</subfield>
    <subfield code="d">2021-07-10</subfield>
    <subfield code="g">5.00</subfield>
    <subfield code="l">0</subfield>
    <subfield code="o">616.395 BES-K</subfield>
    <subfield code="p">44864</subfield>
    <subfield code="r">2021-07-10 00:00:00</subfield>
    <subfield code="w">2021-07-10</subfield>
    <subfield code="y">BK</subfield>
  </datafield>
</record>
